<?xml version='1.0'?>
<collection xmlns='http://www.loc.gov/MARC21/slim'
      xmlns:xsi='http://www.w3.org/2001/XMLSchema-instance'
      xsi:schemaLocation="http://www.loc.gov/MARC21/slim http://www.loc.gov/standards/marcxml/schema/MARC21slim.xsd">
<record><leader>03494nam a2200493 i 4500</leader><controlfield tag='001'>10.3998/mpub.13115976</controlfield><controlfield tag='003'>MiU</controlfield><controlfield tag='005'>20260324122449.0</controlfield><controlfield tag='006'>m     o  d        </controlfield><controlfield tag='007'>cr#unu||||||||</controlfield><controlfield tag='008'>260324t20262026maua    ob    000 0 eng d</controlfield><datafield ind1=' ' ind2=' ' tag='020'><subfield code='z'>9798895060216</subfield><subfield code='q'>[paperback]</subfield></datafield><datafield ind1=' ' ind2=' ' tag='020'><subfield code='z'>9798895060230</subfield><subfield code='q'>[hardcover]</subfield></datafield><datafield ind1=' ' ind2=' ' tag='020'><subfield code='a'>9798895060223</subfield><subfield code='q'>[open access ebook]</subfield></datafield><datafield ind1='7' ind2=' ' tag='024'><subfield code='a'>10.3998/mpub.13115976</subfield><subfield code='2'>doi</subfield></datafield><datafield ind1=' ' ind2=' ' tag='040'><subfield code='a'>EYM</subfield><subfield code='b'>eng</subfield><subfield code='e'>rda</subfield><subfield code='e'>pn</subfield><subfield code='c'>EYM</subfield></datafield><datafield ind1='1' ind2=' ' tag='041'><subfield code='a'>eng</subfield><subfield code='h'>hat</subfield></datafield><datafield ind1=' ' ind2=' ' tag='043'><subfield code='a'>nwcu---</subfield></datafield><datafield ind1=' ' ind2='4' tag='050'><subfield code='a'>PM7854.H39</subfield></datafield><datafield ind1='0' ind2='4' tag='082'><subfield code='a'>841.92097294</subfield></datafield><datafield ind1='1' ind2=' ' tag='100'><subfield code='a'>Batista Félix, Hilario,</subfield><subfield code='d'>1955-</subfield><subfield code='e'>author.</subfield></datafield><datafield ind1='1' ind2='0' tag='245'><subfield code='a'>Unbroken nostalgia :</subfield><subfield code='b'>Haitian Kreyòl poetry in Cuba /</subfield><subfield code='c'>English translation of Nostalji san pwen ni vigil: pwezi kreyòl nan peyi Kiba by Hilario Batista Félix ; translation, introduction, and notes by Mariana F. Past.</subfield></datafield><datafield ind1=' ' ind2='1' tag='264'><subfield code='a'>Amherst, Massachusetts  :</subfield><subfield code='b'>Amherst College Press,</subfield><subfield code='c'>[2026]</subfield></datafield><datafield ind1=' ' ind2='4' tag='264'><subfield code='c'>©2026</subfield></datafield><datafield ind1=' ' ind2=' ' tag='300'><subfield code='a'>1 online resource (157 pages) :</subfield><subfield code='b'>illustrations (some color)</subfield></datafield><datafield ind1=' ' ind2=' ' tag='336'><subfield code='a'>text</subfield><subfield code='b'>txt</subfield><subfield code='2'>rdacontent</subfield></datafield><datafield ind1=' ' ind2=' ' tag='337'><subfield code='a'>computer</subfield><subfield code='b'>c</subfield><subfield code='2'>rdamedia</subfield></datafield><datafield ind1=' ' ind2=' ' tag='338'><subfield code='a'>online resource</subfield><subfield code='b'>cr</subfield><subfield code='2'>rdacarrier</subfield></datafield><datafield ind1=' ' ind2=' ' tag='504'><subfield code='a'>Includes bibliographical references and index.</subfield></datafield><datafield ind1='0' ind2=' ' tag='506'><subfield code='a'>Open access</subfield></datafield><datafield ind1=' ' ind2=' ' tag='520'><subfield code='a'>Unbroken Nostalgia: Haitian Kreyòl Poetry in Cuba is the first English translation and scholarly edition of the collection Nostalji san pwen ni vigil: pwezi kreyòl nan peyi Kiba (2016) by Hilario Batista Félix. A poet, journalist, and language activist, Batista (1955- ) embodies and expresses Cuba&apos;s cultural and linguistic diversity as a descendant of Haitian migrant workers to Eastern Cuba during the mid-twentieth century; his poems bridge regions usually separated by language--the Spanish and Creolophone/Francophone Caribbean--and vividly depict the distinct heritage of Haitian Cubans and their shared dreams and challenges. A scholarly introduction by translator and editor Mariana F. Past provides biographical information about the author, situates his work within Haitian diasporic literature, and addresses patterns of Haitian migration to Cuba. Batista&apos;s original poems appear alongside facing-page English translations with annotations that clarify historical figures and events, geographical features, and Haitian cultural and religious practices. Grounded in oral storytelling traditions, Unbroken Nostalgia brings to light the collective memory and complicated hybridity of the Haitian community in Cuba and upholds Haitian Kreyòl as a language of resistance.</subfield></datafield><datafield ind1=' ' ind2=' ' tag='542'><subfield code='f'>This work is licensed under the Creative Commons Attribution-NonCommercial-NoDerivatives 4.0 International License</subfield><subfield code='u'>http://creativecommons.org/licenses/by-nc-nd/4.0</subfield></datafield><datafield ind1=' ' ind2=' ' tag='546'><subfield code='a'>Poems in Haitian French Creole with English translation.</subfield></datafield><datafield ind1=' ' ind2=' ' tag='588'><subfield code='a'>Description based on information from the publisher.</subfield></datafield><datafield ind1=' ' ind2='0' tag='650'><subfield code='a'>Haitian poetry (French Creole)</subfield><subfield code='x'>Translations into English.</subfield></datafield><datafield ind1=' ' ind2='0' tag='650'><subfield code='a'>Cuban poetry</subfield><subfield code='x'>Translations into English.</subfield></datafield><datafield ind1=' ' ind2='4' tag='655'><subfield code='a'>Electronic books.</subfield></datafield><datafield ind1='1' ind2=' ' tag='700'><subfield code='a'>Past, Mariana,</subfield><subfield code='d'>1971-</subfield><subfield code='e'>translator.</subfield><subfield code='1'>https://id.oclc.org/worldcat/entity/E39PCjyHMqPbpTtqkx7ygQgvXm</subfield></datafield><datafield ind1='2' ind2=' ' tag='710'><subfield code='a'>Michigan Publishing (University of Michigan),</subfield><subfield code='e'>publisher.</subfield></datafield><datafield ind1='0' ind2='8' tag='770'><subfield code='i'>Supplement (work):</subfield><subfield code='a'>Batista Félix, Hilario,</subfield><subfield code='d'>1955-</subfield><subfield code='t'>Unbroken nostalgia.</subfield><subfield code='h'>1 online resource (audio files, 1 video file, 1 pdf)</subfield></datafield><datafield ind1='4' ind2='0' tag='856'><subfield code='u'>https://doi.org/10.3998/mpub.13115976</subfield><subfield code='7'>0</subfield></datafield><datafield ind1=' ' ind2=' ' tag='914'><subfield code='a'>No-worldcat</subfield></datafield><datafield ind1=' ' ind2=' ' tag='915'><subfield code='a'>RecordExternalImport</subfield></datafield><datafield ind1=' ' ind2=' ' tag='933'><subfield code='a'>MPubCataloging</subfield></datafield></record>
</collection>